Το θέατρο του παραλόγου

Αποθηκεύτηκε σε:
Λεπτομέρειες βιβλιογραφικής εγγραφής
Κύριος συγγραφέας: Esslin, Martin 1918-2002
Άλλοι συγγραφείς: Λυμπεροπούλου, Μάγια (trlf)
Μορφή: Βιβλίο
Γλώσσα:Greek
English
Δημοσίευση: Αθήνα : Δωδώνη, 1996.
Θέματα:
Ετικέτες: Προσθήκη ετικέτας
Δεν υπάρχουν, Καταχωρήστε ετικέτα πρώτοι!

MARC

LEADER 00000cam a2200000 i 4500
001 1/68005
008 150227s1996 gr | ||| |||| ||gre||
020 |a 9789602488126 
035 |l 10121272 
040 |a GR-MyUA  |b gre  |e AACR2 
041 1 |a gre  |h eng 
082 0 |a 809.204  |2 (23) 
100 1 |a Esslin, Martin  |d 1918-2002. 
245 1 3 |a Το θέατρο του παραλόγου /   |c Μάρτιν Έσσλιν ; μετάφραση Μάγια Λυμπεροπούλου.  
260 |a Αθήνα :   |b Δωδώνη,   |c 1996.  
300 |a 492 σ. ;   |c 22 εκ.  
500 |a Τίτλος πρωτοτύπου: The theater of the absurd.  
650 0 0 |a Drama  |y 20th century  |x History and criticism. 
650 0 0 |a Theater of the absurd. 
700 1 |a Λυμπεροπούλου, Μάγια,  |e trlf 
852 |a INST  |b SAMOS  |e 20150227  |h 809.204 ESS  |p 005300041857  |q 005300041857  |t BK  |y 0 
901 |a BIBL3-2015-1 
909 |a Σ  |b 189565 
922 |a 3ΕΛΗ  |b 201405  |c ΤΣΑΧΜ  |d BEST BOOK HUNTERS 
970 |a ΚΟΣΙΕΡΗΣ  |b ΧΡΗΣΤΟΣ  |z 2015/02/27